[Event "SVK-ch U10"]
[Site "Liptovsky Mikulas"]
[Date "2018.04.25"]
[Round "7"]
[White "Dujava, Adam"]
[Black "Oruzinsky, Juraj"]
[Result "0-1"]
[WhiteElo "1251"]
[BlackElo "1000"]
[PlyCount "89"]
[EventDate "2018.04.21"]
[EventType "swiss"]
[EventRounds "9"]
[EventCountry "SVK"]
[SourceTitle "CBM 184 Extra"]
[Source "ChessBase"]
[SourceDate "2018.06.28"]
[SourceVersion "1"]
[SourceVersionDate "2018.06.28"]
[SourceQuality "1"]

1. f4 e6 2. Nf3 Nc6 3. e3 Nf6 4. b3 d5 5. Bb2 Bd6 6. Be2 0-0 7. 0-0 Re8 8. Qe1 a6 9. d3 Bc5 10. d4 Bb4 11. c3 Ba5 12. Nbd2 Ng4 13. Bd3 f6 14. h3 Nh6 15. e4 Nf7 16. Qh4 h6 17. Qg3 f5 18. exf5 exf5 19. Qg6 Nd6 20. Ba3 Re6 21. Qh5 Bxc3 22. Bxd6 Rxd6 23. Rfe1 Bd7 24. Rac1 Bxd2 25. Nxd2 Nxd4 26. Re3 Be8 27. Qd1 c6 28. Nf3 Qf6 29. Nxd4 Qxd4 30. Qe2 Bh5 31. Qd2 Re8 32. Rce1 Rde6 33. Kf2 Qxf4+ 34. Kg1 Rxe3 35. Rxe3 Qxe3+ 36. Qxe3 Rxe3 37. Bxf5 d4 38. Kf2 Re2+ 39. Kf1 Rxa2 40. g4 Bf7 41. Ke1 Bxb3 42. h4 a5 43. g5 h5 44. Bg6 Bf7 45. Bd3 0-1